| 000 | 00570nam a2200205Ia 4500 | ||
|---|---|---|---|
| 005 | 20250508151212.0 | ||
| 008 | 008 250505s9999 xx 000 0 eng d | ||
| 037 | _aTextual | ||
| 040 |
_aFEDL _beng _cFEDL |
||
| 041 |
_aeng _2eng |
||
| 084 |
_a150.195, BAL _qFEDL |
||
| 100 |
_aBalint Alice _9758639 |
||
| 245 | 0 | _aPsycho - analysis of the nursery | |
| 260 |
_aLondon, UK _bRoutledge and Kegan Paul Limited _c1953 |
||
| 300 | _avii,149p | ||
| 365 |
_aINR _b10 |
||
| 650 | _aPsychology | ||
| 942 |
_cTEXL _h150.195, BAL |
||
| 999 |
_c1328194 _d1328194 |
||